Flagi państw podobne do prowincji chińskich według ludności - Statystyki

Ogólne statystyki
  • Ten quiz został rozwiązany 3 529 razy
  • Średni wynik to 30 z 33
Odpowiedzi na mapie
Odpowiedzi zakodowano w zielono-czerwonej skali na mapie do tego quizu, zgodnie z poniższymi procentami.
 
Statystyki odpowiedzi
Prowincje Kraj % Poprawnych
Heilongjiang Polska
99%
Jiangxi Hiszpania
98%
Liaoning Ukraina
98%
Sinciang Australia
97%
Anhui Francja
97%
Syczuan Iran
97%
Shanxi Kanada
97%
Kuangsi Korea Południowa
97%
Jiangsu Niemcy
97%
Zhejiang Republika Południowej Afryki
97%
Hunan Wielka Brytania
97%
Szantung Egipt
96%
Mongolia Wewnętrzna Korea Północna
96%
Tybet Urugwaj
96%
Kuejczou Maroko
95%
Hajnan Białoruś
94%
Fujian IraK
94%
Junnan Kolumbia
94%
Henan Wietnam
94%
Ningxia Bułgaria
92%
Hebei Tajlandia
90%
Makau Czarnogóra
88%
Tiencin Somalia
87%
Pekin Sri Lanka
87%
Guangdong Etiopia
86%
Hong Kong Laos
85%
Qinghai Turkmenistan
85%
Shaanxi Afganistan
84%
Gansu Kamerun
82%
Jilin Madagaskar
81%
Hubei Tanzania
81%
Szanghaj Niger
78%
Chongqing Mozambik
76%
Nie znaleziono quizów pasujących do podanych kryteriów
Rozkład punktacji
Procent ludzi z każdym wynikiem
Percentyl według liczby udzielonych odpowiedzi
Twoja historia wyników
Nie rozwiązałeś tego quizu